| 000 | 00543nam a2200205Ia 4500 | ||
|---|---|---|---|
| 008 | 170918s9999 xx 000 0 und d | ||
| 020 | _a9780545443647 | ||
| 050 | _bF746 2011 | ||
| 100 | _aFosberry, Jennifer | ||
| 245 | _aMy name is not Alexander : | ||
| 245 | _bjust how big can a little kid dream? / | ||
| 245 | _cJennifer Johnston ; pictures by Mike Litwin. | ||
| 260 | _aNew York : | ||
| 260 | _bScholastic, | ||
| 260 | _c2011 | ||
| 300 | _aunpaged : | ||
| 300 | _bcolored illustration ; | ||
| 300 | _c22cm. | ||
| 500 | _a570 | ||
| 999 |
_c341654 _d341654 |
||